| 000 | 00484nam a2200193Ia 4500 | ||
|---|---|---|---|
| 008 | 151121s9999||||xx |||||||||||||| ||und|| | ||
| 082 | _a080/Muk | ||
| 082 | _bHNW-33047 | ||
| 100 | _aMukhopadhyay A।K। | ||
| 245 | _aPramatha Chaudhuri | ||
| 260 | _b"S। A। , N। Delhi।" | ||
| 260 | _c-- | ||
| 300 | _a68 | ||
| 600 | _aMukhopadhyay A।K। | ||
| 630 | _aPramatha Chaudhuri | ||
| 700 | _aMukhopadhyay A।K। | ||
| 730 | _aPramatha Chaudhuri | ||
| 942 | _cBOOK | ||
| 999 |
_c1226376 _d1226373 |
||